| 000 -LEADER |
| fixed length control field |
nam a22 a 4500 |
| 003 - CONTROL NUMBER IDENTIFIER |
| control field |
AM-YeNLA |
| 005 - DATE AND TIME OF LATEST TRANSACTION |
| control field |
20251217152231.0 |
| 007 - PHYSICAL DESCRIPTION FIXED FIELD--GENERAL INFORMATION |
| fixed length control field |
ta |
| 008 - FIXED-LENGTH DATA ELEMENTS--GENERAL INFORMATION |
| fixed length control field |
251217s2025 ai a|||gr|||||000|0|arm|| |
| 020 ## - INTERNATIONAL STANDARD BOOK NUMBER |
| International Standard Book Number |
978-9939-9280-6-7 |
| 040 ## - CATALOGING SOURCE |
| Language of cataloging |
arm |
| Transcribing agency |
AM-YeNLA |
| 041 0# - LANGUAGE CODE |
| Language code of text/sound track or separate title |
arm |
| 100 1# - MAIN ENTRY--PERSONAL NAME |
| Personal name |
Հարոյան, Արփինե |
| 245 10 - TITLE STATEMENT |
| Title |
N 4460. Լուիզայի դիմադրությունը : |
| Remainder of title |
[2-րդ համաշխարհային պատերազմում Ֆրանսիական Դիմադրության շարժման մասին] / |
| Statement of responsibility, etc. |
Ա. Հարոյան ; Լեզվաոճական խմբագիր՝ Ս. Ղազարյան ; Նկարիչ՝ Տ. Մանգասարյան. |
| 260 ## - PUBLICATION, DISTRIBUTION, ETC. (IMPRINT) |
| Place of publication, distribution, etc. |
Երևան : |
| Name of publisher, distributor, etc. |
«Պարադիգմա» կրթական հիմնադրամ, |
| Date of publication, distribution, etc. |
2025. |
| 300 ## - PHYSICAL DESCRIPTION |
| Extent |
150 էջ : |
| Other physical details |
գունանկար ; |
| Dimensions |
30 սմ. |
| 600 14 - SUBJECT ADDED ENTRY--PERSONAL NAME |
| Personal name |
Ասլանյան, Լուիզա |
| 700 1# - ADDED ENTRY--PERSONAL NAME |
| Personal name |
Ղազարյան, Սևակ |
| Relator term |
խմբագիր |
| Relator code |
edt |
| 700 1# - ADDED ENTRY--PERSONAL NAME |
| Personal name |
Մանգասարյան, Տիգրան |
| Relator term |
նկարիչ |
| Relator code |
art |
| 942 ## - ADDED ENTRY ELEMENTS (KOHA) |
| Source of classification or shelving scheme |
|
| Koha item type |
Books |